Normale Ansicht MARC-Ansicht ISBD

Geschichte heute : (Titelsatznr. 49922)

[ MARC ]
MARC-Details
000 -Satzkennung
Kontrollfeld mit fester Länge 00555nam a22001931c 4500
001 - Kontrollnummer
Kontrollfeld a987689661
008 - Feld mit fester Länge zur physischen Beschreibung - Allgemeine Angaben
Kontrollfeld mit fester Länge 180605s1973 gw |||| 000u ger d
020 ## - Internationale Standardbuchnummer
Internationale Standardbuchnummer 3525361599
Verknüpfung 3-525-36159-9
041 ## - Sprachcode
Sprachcode des Textes/der Tonspur oder des separaten Titels ger
040 ## - Katalogisierungsquelle
Übertragungsstelle RU-10907106
003 - Kontrollnummer Identifier
Kontrollfeld RU-10907106
100 1# - Haupteintragung - Personenname
Personenname Schulz, Gerhard
245 00 - Titel
Titel Geschichte heute :
Zusatz zum Titel Positionen, Tendenzen und Probleme /
Verfasserangabe etc. hrsg. von Gerhard Schulz
264 ## - Produktion, Veröffentlichung, Distribution, Herstellung und Urheberrechtsvermerk
Herstellungs-, Veröffentlichungs- Vertriebs-, Erzeugungsort Göttingen :
Produzent, Herausgeber, Distributor, Hersteller Vandenhoeck & Ruprecht,
Datum der Herstellung, der Veröffentlichung, des Vertriebs oder des Urheberschutzvermerks 1973
300 ## - Physische Beschreibung
Umfang 327 S.
650 #0 - Nebeneintragung unter einem Schlagwort - Sachschlagwort
Sachschlagwort oder geografischer Name als Eintragungselement Geschichtswissenschaft
650 #0 - Nebeneintragung unter einem Schlagwort - Sachschlagwort
Sachschlagwort oder geografischer Name als Eintragungselement Geschichtsphilosophie
942 ## - Zusätzliche Felder (Koha)
Koha-Medientyp Monographien
Exemplare
Ausgeschieden Verloren Klassifikation oder Aufstellungssystematik Beschädigt Nicht entleihbar Heimatbibliothek Aufenthaltsbibliothek Aufstellungsort Erwerbungsdatum Inventarnummer Signatur Barcode Letzte Aktivität Preis gültig von Koha-Medientyp
    Andere/Generische Klassifikation     MWN Osteuropa MWN Osteuropa Lesesaal 05/06/2018 18-01115 Ersatzß G 40 aD Schul G E0040150790EAABA 23/02/2021 22/03/2021 Monographien